Hauptstädte in der Nähe von Oslo - Statistiken

Allgemein
  • Dieses Quiz wurde 125 mal gespielt
  • Das Durchschnittsergebnis liegt bei 18 aus 20
Antwortstatistiken
km Hauptstadt % Korrekt
840 Berlin
100%
484 Kopenhagen
100%
1155 London
99%
418 Stockholm
98%
914 Amsterdam
97%
788 Helsinki
97%
1064 Warschau
97%
1086 Brüssel
96%
1184 Luxemburg
94%
1120 Prag
93%
844 Riga
93%
788 Tallinn
93%
1266 Dublin
91%
1342 Paris
90%
1352 Wien
89%
1047 Vilnius
87%
1220 Minsk
84%
1375 Bratislava
71%
1424 Vaduz
67%
971 T{órshavn}
23%
Keine übereinstimmenden Quizze gefunden
Verteilung der Resultate
Anzahl Personen mit jedem Resultat
Perzentil nach korrekt beantworteten Fragen
Ihre Resultats-Entwicklung
Sie haben dieses Quiz noch nicht gespielt